LEADER 02134nam a2200361 i 4500 001 000000237326 003 CaOOAMICUS 005 20200416095815.0 008 141229s1602 it u000 u lat u 013 $a216231 026 $a,&e- .h.l deod hopr (3) 1602 (R) 040 $aSeMil$bita 100 0 $aBernardus : Claraevallensis,$c.$0(OLS)http://semarc/name/89153 245 10$aDivi Bernardi Claravallensis abbatis primi. religiosissimi ... Opera omnia, tam quae vere Germana illius esse nemo inficias eat, quàm quae spuria & supposititia (quamquam non dissimilis pietatis) plerique videri possunt ... Ut ex praefatione ad lectorem, & operum catalogo ... licebit cognoscere. Cum indice duplici, altero locorum sacrae scripturae passim ab ipso D. Bernardo .. 264 1$aParisiis :$b[Compagnie du Grand Navire],$c1602. 300 $a[16] p., 3138 [i.e. 2208] col., [164] p. ;$cfol. 500 $aFront. stampato in rosso e nero 500 $aMarca editoriale: Nave. Scritta: Lutetia. (R824) Sul front. 500 $aIniz. xilogr. 500 $aNumerosi errori nella num. delle p. 500 $aTesto su due colonne 500 $aSegn.: a6 A-4Z6, 2A-M6 N4 ?6 710 2 $aCompagnie de la Grand-Navire$b.$0(OLS)http://semarc/name/6617 850 $aSeMil 852 $aSeMil$W1$xVenegono$y1$m2P VII 1 FA$j187672$B187672$CSeMilBibl$Z2$F198730 $8I 900 1 $aBernardo : di Chiaravalle. 900 1 $aSan Bernardo. 961 $aLascito: Colombo Card. Giovanni 996 $6245$aDivi Bernardi Claravallensis abbatis primi. religiosissimi ... Opera omnia, tam quae vere Germana illius esse nemo inficias eat, quàm quae spuria & supposititia (quamquam non dissimilis pietatis) plerique videri possunt ... Ut ex praefatione ad lectorem, & operum catalogo ... licebit cognoscere. Cum indice duplici, altero locorum sacrae scripturae passim ab ipso D. Bernardo ..$9(OLS)http://semarc/title/338286 996 $6264$aParisiis :$b[Compagnie du Grand Navire]$9(OLS)http://semarc/publisher/33794 LEADER 01263nam a2200229 i 4500 001 000000190504 003 CaOOAMICUS 005 20100618000000.0 008 100618s1964 gw u000 u fre u 013 $a168917 040 $aSeMil$bita 100 1 $aHoppenbrouwers, H.$0(OLS)http://semarc/name/69651 245 13$aLe Cérémonial épistolaire des chrétiens latins. Origine et premiers développements /$cA. A.R. Bastiaensen. Commodien, poète chrétien / H. Hoppenbrouwers. 300 $a96 p. ;$c24 cm. 490 0 $aGraecitas et latinitas christianorum primaeva : studia ad sermonem christianum primaevum pertinentia 700 1 $aBastiaensen, Antoon Adriaan Robert <1926->.$0(OLS)http://semarc/name/17157 773 0 $tGraecitas et latinitas christianorum primaeva. Supplementa.$dNijmegen : Dekker & Van de Vegt, 1964-1970.$g2$w()23426 830 0$aGraecitas et latinitas christianorum primaeva : studia ad sermonem christianum primaevum pertinentia.$0(OLS)http://semarc/title/31394 850 $aSeMil 852 $aSeMil$W1$xVenegono$y1$m2U II 2$j141122$B141122$CSeMilBibl$Z2$F152726 $81 961 $aOmaggio: Altro 996 $6245$aLe Cérémonial épistolaire des chrétiens latins. Origine et premiers développements$9(OLS)http://semarc/title/274446